[Event "Lliga Catalana eq. DH"]
[Site "?"]
[Date "2014.01.25"]
[Round "1.10"]
[White "Moreno Garcia, EP."]
[Black "Martinez Pla, X."]
[Result "1-0"]
[WhiteElo "2102"]
[BlackElo "2091"]
[PlyCount "109"]
[EventDate "2014.??.??"]
[EventType "team"]
[EventCountry "ESP"]

1. e4 c5 2. c3 Nf6 3. e5 Nd5 4. d4 e6 5. Nf3 cxd4 6. cxd4 d6 7. exd6 Bxd6 8.
Nc3 Nxc3 9. bxc3 Qc7 10. Bd2 Nd7 11. Bd3 b6 12. Be4 Rb8 13. O-O Nf6 14. Bd3 O-O
15. Re1 Bb7 16. h3 h6 17. c4 Rfd8 18. Qe2 Rbc8 19. a4 Bxf3 20. Qxf3 e5 21. a5
e4 22. Bxe4 Qxc4 23. Bf5 Rc7 24. axb6 axb6 25. Ra8 Rf8 26. Bf4 Qb4 27. Rb1 Bxf4
28. Rxf8+ Qxf8 29. Qxf4 Qd8 30. Rxb6 g5 31. Qd6 Qxd6 32. Rxd6 Kg7 33. Kf1 Re7
34. Rd8 Re8 35. Rxe8 Nxe8 36. Bd7 Nd6 37. Ke2 f5 38. f4 Kf6 39. Kf3 Nc4 40. Bb5
Nd6 41. Bc6 Nc4 42. Bd5 Nd6 43. Bc6 Nc4 44. g3 Ke7 45. Ke2 Nd6 46. Kd3 Kf6 47.
Bf3 Ke6 48. d5+ Kf6 49. Kd4 gxf4 50. gxf4 Nb7 51. Kc4 Ke7 52. Kd4 Kf6 53. Be2
Ke7 54. Ke5 Nd6 55. Bd3 1-0

[Event "Lliga Catalana eq. DH"]
[Site "?"]
[Date "2014.01.25"]
[Round "1.10"]
[White "Pozanco Romasanta, M."]
[Black "Almirall Botella, J."]
[Result "0-1"]
[WhiteElo "2192"]
[BlackElo "2147"]
[PlyCount "104"]
[EventDate "2014.??.??"]
[EventType "team"]
[EventCountry "ESP"]

1. d4 d5 2. c4 e6 3. Nc3 f5 4. g3 Nf6 5. Bg2 c6 6. Nf3 Bd6 7. O-O O-O 8. Qc2
Ne4 9. Bf4 Bxf4 10. gxf4 Nd7 11. e3 Ndf6 12. Ne5 Bd7 13. Nxe4 Nxe4 14. Bxe4
fxe4 15. f3 exf3 16. Rxf3 Be8 17. Rh3 Rf5 18. c5 Qf6 19. Kh1 Rh5 20. Rg3 Qf5
21. Qg2 g6 22. Rg5 Qh3 23. Qxh3 Rxh3 24. Re1 Kg7 25. Kg2 Rh5 26. Kg3 Kf6 27.
Ng4+ Kg7 28. e4 h6 29. Re5 Rxe5 30. Nxe5 dxe4 31. Rxe4 Rd8 32. Nc4 Kf6 33. Nd6
Bf7 34. Re3 b5 35. Ra3 Rd7 36. Kf3 g5 37. fxg5+ hxg5 38. Ke3 Bg6 39. Nc8 Rh7
40. Rxa7 Rh3+ 41. Kf2 Rxh2+ 42. Kf3 Rh3+ 43. Kg2 Rd3 44. a4 bxa4 45. Rxa4 Rd2+
46. Kf3 Rxb2 47. Na7 Rb3+ 48. Kf2 Be4 49. Ra6 g4 50. Rb6 g3+ 51. Ke2 g2 52. Kf2
Ra3 0-1

[Event "Lliga Catalana eq. DH"]
[Site "?"]
[Date "2014.01.25"]
[Round "1.10"]
[White "Saenz Rebull, J."]
[Black "Argemi Bartolome, R."]
[Result "1-0"]
[WhiteElo "2207"]
[BlackElo "2084"]
[PlyCount "90"]
[EventDate "2014.??.??"]
[EventType "team"]
[EventCountry "ESP"]

1. e4 c5 2. c3 g6 3. d4 Qc7 4. dxc5 Qxc5 5. Be3 Qc7 6. Nf3 Bg7 7. Bd3 Nf6 8. h3
Nc6 9. O-O O-O 10. Nbd2 d5 11. Qc2 b6 12. Bg5 dxe4 13. Nxe4 Bb7 14. Rfe1 Rac8
15. Qe2 h6 16. Bd2 Nxe4 17. Bxe4 Rfe8 18. Rad1 Na5 19. b3 Bxe4 20. Qxe4 Nb7 21.
c4 Nc5 22. Qc2 Rcd8 23. Be3 Ne6 24. Qc1 Kh7 25. Rxd8 Rxd8 26. Rd1 Rd7 27. Qc2
Qd8 28. Rxd7 Qxd7 29. b4 Qc7 30. a4 a5 31. bxa5 bxa5 32. Qb3 Nd8 33. Qb5 Bc3
34. Bb6 Qd6 35. c5 Qd1+ 36. Kh2 Ne6 37. Qc4 Bb4 38. Ne5 Kg7 39. c6 Bd6 40. f4
g5 41. Be3 Bc7 42. g3 Qd6 43. Qe4 gxf4 44. gxf4 Nxf4 45. Bxf4 f6 1-0

[Event "Lliga Catalana eq. DH"]
[Site "?"]
[Date "2014.02.08"]
[Round "1.10"]
[White "Tallo Dominguez, I."]
[Black "Orteu Capdevila, M."]
[Result "1-0"]
[WhiteElo "2338"]
[BlackElo "2035"]
[PlyCount "55"]
[EventDate "2014.??.??"]
[EventType "team"]
[EventCountry "ESP"]

1. e4 c5 2. Nf3 e6 3. d4 cxd4 4. Nxd4 Nc6 5. Nb5 d6 6. c4 a6 7. N5c3 Nf6 8. Be2
Be7 9. O-O O-O 10. Be3 Bd7 11. Na3 Qc7 12. Rc1 Ne5 13. f4 Ng6 14. g3 Rfe8 15.
Bf3 h6 16. Qd2 Rac8 17. h4 Nh7 18. Rfd1 Kh8 19. e5 d5 20. cxd5 Bxa3 21. bxa3
Qa5 22. Ne4 Qxd2 23. Bxd2 Ba4 24. Re1 exd5 25. Nd6 Rxc1 26. Rxc1 Re7 27. Rc8+
Nhf8 28. h5 1-0

[Event "Lliga Catalana eq. DH"]
[Site "?"]
[Date "2014.01.25"]
[Round "1.10"]
[White "Valencia Jimenez, J."]
[Black "Gonzalez Hernandez, F."]
[Result "1-0"]
[WhiteElo "2221"]
[BlackElo "2267"]
[PlyCount "94"]
[EventDate "2014.??.??"]
[EventType "team"]
[EventCountry "ESP"]

1. Nf3 d5 2. d4 Nf6 3. c4 e6 4. Nc3 Be7 5. Bf4 O-O 6. e3 a6 7. c5 b6 8. cxb6
cxb6 9. Bd3 Nbd7 10. a4 Bb7 11. O-O Re8 12. Rc1 Nf8 13. Ne5 Ng6 14. Bg3 Nxe5
15. Bxe5 Nd7 16. Bg3 Nf8 17. Qb3 Bd6 18. f4 f5 19. Na2 Nd7 20. Nb4 Qe7 21. Nc6
Qf7 22. Ne5 Nxe5 23. fxe5 Bc7 24. Be1 Rec8 25. Bb4 Qd7 26. Rc2 Bd8 27. Rxc8
Rxc8 28. Bd6 Rc6 29. e4 Rxd6 30. exd6 fxe4 31. Be2 Qxd6 32. Bg4 Bf6 33. Qc3 e5
34. dxe5 Bxe5 35. Qh3 Bf6 36. Be6+ Kh8 37. Bf5 h6 38. Qh5 Bc6 39. b3 Bd7 40.
Bg6 e3 41. Qf3 Qe6 42. Bd3 Bc6 43. Rc1 Bd4 44. Kf1 Bc5 45. Qf4 Qf6 46. Qxf6
gxf6 47. b4 Bb7 1-0

[Event "Lliga Catalana eq. DH"]
[Site "?"]
[Date "2014.01.25"]
[Round "1.10"]
[White "Vallverdu Miret, O."]
[Black "Sole Bove, J."]
[Result "1-0"]
[WhiteElo "2193"]
[BlackElo "1905"]
[PlyCount "94"]
[EventDate "2014.??.??"]
[EventType "team"]
[EventCountry "ESP"]

1. d4 Nf6 2. c4 c5 3. Nf3 cxd4 4. Nxd4 g6 5. g3 Bg7 6. Bg2 O-O 7. O-O Nc6 8.
Nxc6 bxc6 9. Qc2 Qc7 10. e4 d6 11. Nc3 Bb7 12. Rd1 Rac8 13. Rb1 Ba8 14. Qe2
Rfd8 15. Be3 Nd7 16. f4 Nb6 17. f5 Bb7 18. c5 dxc5 19. Bxc5 Rxd1+ 20. Rxd1 Rd8
21. Rd3 Bc8 22. Qd1 Rxd3 23. Qxd3 Be5 24. Be3 Qd7 25. Qxd7 Bxd7 26. g4 h5 27.
h3 hxg4 28. hxg4 gxf5 29. exf5 e6 30. Be4 Bb8 31. Kf2 Nc4 32. Bc1 exf5 33. gxf5
Nd6 34. f6 Nxe4+ 35. Nxe4 Bf5 36. Ng5 Be5 37. b3 Bxf6 38. Nf3 Kf8 39. Bh6+ Ke8
40. Bf4 a6 41. Ke3 Bb1 42. a3 Bc2 43. Nd4 Bxd4+ 44. Kxd4 Bxb3 45. Ke5 Bd5 46.
Kf6 Bb3 47. Ke5 Kd7 1-0

[Event "Lliga Catalana eq. DH"]
[Site "?"]
[Date "2014.02.01"]
[Round "2.1"]
[White "Baches Garcia, G."]
[Black "Alsina Leal, D."]
[Result "0-1"]
[WhiteElo "2424"]
[BlackElo "2545"]
[PlyCount "69"]
[EventDate "2014.??.??"]
[EventType "team"]
[EventCountry "ESP"]

1. e4 c5 2. Nf3 d6 3. d4 cxd4 4. Nxd4 Nf6 5. Nc3 a6 6. Be2 e5 7. Nb3 Be7 8. Be3
Be6 9. Nd5 Nbd7 10. Qd3 O-O 11. O-O Bxd5 12. exd5 Re8 13. c4 g6 14. Rfd1 b6 15.
Nd2 a5 16. b3 h5 17. a3 Ng4 18. Bxg4 hxg4 19. b4 Kg7 20. Rac1 f5 21. Nf1 Bf6
22. Bd2 axb4 23. axb4 e4 24. Qe3 Kf7 25. Bc3 Bg5 26. Qd4 Qf6 27. Rc2 Qxd4 28.
Bxd4 Rec8 29. Ne3 Bf6 30. Bxf6 Kxf6 31. Rc3 Ne5 32. Rdc1 Nd3 33. Rb1 Ra2 34.
Rc2 Rxc2 35. Nxc2 0-1

[Event "Lliga Catalana eq. DH"]
[Site "?"]
[Date "2014.02.01"]
[Round "2.1"]
[White "Cordova Daza, E."]
[Black "Narciso Dublan, M."]
[Result "1/2-1/2"]
[WhiteElo "2568"]
[BlackElo "2544"]
[PlyCount "88"]
[EventDate "2014.??.??"]
[EventType "team"]
[EventCountry "ESP"]

1. Nf3 e6 2. d3 d5 3. g3 c5 4. Bg2 Nc6 5. O-O Bd6 6. c3 Nge7 7. a3 O-O 8. b4 b6
9. Nbd2 Bb7 10. Bb2 Rc8 11. Re1 Ng6 12. b5 Nce5 13. a4 Nxf3+ 14. exf3 a6 15.
bxa6 Bxa6 16. c4 Ne7 17. f4 Qd7 18. Qh5 Bb7 19. Qg5 f6 20. Qg4 Nf5 21. Re2 Rfe8
22. Rae1 Bb8 23. h4 dxc4 24. dxc4 Bxg2 25. Kxg2 Qc6+ 26. Kg1 Re7 27. Bc3 Bc7
28. h5 Nh6 29. Qh3 Rce8 30. Ne4 f5 31. Ng5 Qxa4 32. Rxe6 Rxe6 33. Nxe6 Qd7 34.
Nxc7 Rxe1+ 35. Bxe1 Qxc7 36. Qg2 Qd7 37. Qa8+ Kf7 38. Bc3 Ng4 39. Qh8 Qd1+ 40.
Kg2 Ne3+ 41. fxe3 Qe2+ 42. Kh3 Qxh5+ 43. Kg2 Qe2+ 44. Kh3 Qh5+ 1/2-1/2

[Event "Lliga Catalana eq. DH"]
[Site "?"]
[Date "2014.02.01"]
[Round "2.1"]
[White "Cornette, M."]
[Black "Jerez Perez, A."]
[Result "1-0"]
[WhiteElo "2571"]
[BlackElo "2444"]
[PlyCount "87"]
[EventDate "2014.??.??"]
[EventType "team"]
[EventCountry "ESP"]

1. c4 Nf6 2. Nc3 d5 3. cxd5 Nxd5 4. g3 g6 5. Bg2 Nb6 6. d3 Bg7 7. Be3 Nc6 8.
Bxc6+ bxc6 9. Qd2 O-O 10. Bh6 c5 11. Nf3 Bb7 12. Bxg7 Kxg7 13. Qe3 Qd6 14. O-O
c4 15. Rfd1 cxd3 16. Rxd3 Qf6 17. Ne5 Qe6 18. Rad1 Ba6 19. Rd4 f6 20. Nd7 Qxe3
21. fxe3 Rfe8 22. Nc5 e5 23. Rd7+ Nxd7 24. Rxd7+ Kf8 25. Nxa6 Re7 26. Rxe7 Kxe7
27. Nxc7 Rd8 28. N7d5+ Ke6 29. e4 f5 30. Kf2 fxe4 31. Ke3 Rf8 32. Nc7+ Kd7 33.
N7b5 a6 34. Na3 Rf1 35. Nc4 Ke6 36. Kxe4 Rh1 37. h4 Rg1 38. Kf3 Rf1+ 39. Ke3 h6
40. Nd2 Rc1 41. Kf3 Rc2 42. Nc4 Rc1 43. Ne3 Rh1 44. Ncd5 1-0

[Event "Lliga Catalana eq. DH"]
[Site "?"]
[Date "2014.02.01"]
[Round "2.1"]
[White "Cuartas Medina, JA."]
[Black "De la Riva Aguado, O."]
[Result "1/2-1/2"]
[WhiteElo "2537"]
[BlackElo "2553"]
[PlyCount "30"]
[EventDate "2014.??.??"]
[EventType "team"]
[EventCountry "ESP"]

1. e4 e6 2. d4 d5 3. Nc3 Nf6 4. Bg5 dxe4 5. Nxe4 Nbd7 6. Nf3 h6 7. Nxf6+ Nxf6
8. Bf4 c5 9. dxc5 Qxd1+ 10. Rxd1 Bxc5 11. Bb5+ Bd7 12. Rxd7 Nxd7 13. Ne5 Rd8
14. Nxd7 Rxd7 15. Ke2 a6 1/2-1/2

[Event "Lliga Catalana eq. DH"]
[Site "?"]
[Date "2014.02.01"]
[Round "2.1"]
[White "Lopez Martinez, JM."]
[Black "Cruz Sanchez, JE."]
[Result "1/2-1/2"]
[WhiteElo "2576"]
[BlackElo "2541"]
[PlyCount "100"]
[EventDate "2014.??.??"]
[EventType "team"]
[EventCountry "ESP"]

1. c4 e5 2. g3 Nf6 3. Bg2 d5 4. cxd5 Nxd5 5. Nf3 Nc6 6. O-O Nb6 7. b3 Be7 8.
Bb2 Bf6 9. Nc3 e4 10. Ne1 Bf5 11. d3 exd3 12. Nxd3 Bxd3 13. exd3 O-O 14. Bxc6
bxc6 15. Qf3 Qd7 16. Rac1 Rfe8 17. Ba3 Bxc3 18. Rxc3 Re6 19. Rfc1 Nd5 20. Rc4
f5 21. Kg2 f4 22. gxf4 Rae8 23. Bc5 Rf6 24. Kh1 Qf7 25. Be3 Ree6 26. Rg1 Rf5
27. Re4 Ref6 28. Bd4 Rg6 29. Rge1 h6 30. Be5 Re6 31. Qg3 Rg6 32. Qh4 Kh7 33. h3
Nf6 34. Bxf6 Rgxf6 35. Qg3 Rxf4 36. Rxf4 Rxf4 37. Re7 Qxe7 38. Qxf4 Qd6 39.
Qe4+ Kg8 40. Kg1 Kf7 41. Kf1 Qf6 42. Qc4+ Ke8 43. Qa4 Qd6 44. d4 Qe6 45. Kg2
Qe4+ 46. Kg3 Qg6+ 47. Kh2 Qf6 48. Kg1 Qg6+ 49. Kf1 Qd3+ 50. Kg1 Qe4 1/2-1/2

[Event "Lliga Catalana eq. DH"]
[Site "?"]
[Date "2014.02.01"]
[Round "2.1"]
[White "Movsziszian, K."]
[Black "Zurano Lopez, P."]
[Result "1-0"]
[WhiteElo "2544"]
[BlackElo "2412"]
[PlyCount "89"]
[EventDate "2014.??.??"]
[EventType "team"]
[EventCountry "ESP"]

1. g3 d5 2. Bg2 Nf6 3. d3 c5 4. Nd2 d4 5. c3 Nc6 6. cxd4 cxd4 7. Ngf3 g6 8. Qa4
Qd7 9. Nb3 e5 10. O-O a6 11. Na5 b5 12. Qc2 Nxa5 13. Nxe5 Qa7 14. Nc6 Qc7 15.
Bf4 Bd6 16. Bxd6 Qxd6 17. Nxa5 Rb8 18. Qc6+ Ke7 19. Qxd6+ Kxd6 20. Nc6 Rb6 21.
Nxd4 Bd7 22. Rac1 Rc8 23. Rxc8 Bxc8 24. Rc1 Bd7 25. e4 Ng4 26. Nb3 Be6 27. d4
f6 28. h3 Nh6 29. d5 Bd7 30. f4 Nf7 31. Kf2 Rb8 32. Nc5 Rc8 33. Nb7+ Ke7 34.
Rxc8 Bxc8 35. Na5 Kd6 36. b4 g5 37. Ke3 f5 38. e5+ Nxe5 39. fxe5+ Kxe5 40. Nc6+
Kd6 41. Kd4 f4 42. gxf4 gxf4 43. Ne5 Bf5 44. h4 Bb1 45. a3 1-0

[Event "Lliga Catalana eq. DH"]
[Site "?"]
[Date "2014.02.01"]
[Round "2.1"]
[White "Muñoz Pantoja, M."]
[Black "Moskalenko, V."]
[Result "1/2-1/2"]
[WhiteElo "2559"]
[BlackElo "2583"]
[PlyCount "125"]
[EventDate "2014.??.??"]
[EventType "team"]
[EventCountry "ESP"]

1. e4 d6 2. d4 Nf6 3. Nc3 g6 4. Bg5 Bg7 5. e5 Nfd7 6. f4 O-O 7. Bc4 Nc6 8. Nf3
Nb6 9. Bb3 Na5 10. O-O Nxb3 11. axb3 f6 12. exf6 exf6 13. Bh4 d5 14. Ne1 c6 15.
Nd3 Qc7 16. Kh1 Bf5 17. Nc5 h5 18. h3 Kf7 19. Rf2 Nd7 20. Qf3 Nxc5 21. dxc5
Rfe8 22. Ra4 Re4 23. Kh2 g5 24. Bxg5 fxg5 25. Qxh5+ Bg6 26. Qxg5 Bf6 27. Qg4
Rh8 28. g3 d4 29. Re2 Rxe2+ 30. Nxe2 Qe7 31. Nxd4 Qe3 32. Qe2 Qxe2+ 33. Nxe2
Rd8 34. Kg2 Rd2 35. Kf3 Bxc2 36. Nc3 Bxc3 37. bxc3 Bxb3 38. Rxa7 Rd7 39. f5 Kf6
40. Kf4 Rd1 41. g4 Rf1+ 42. Kg3 Bd5 43. Rxb7 Rf3+ 44. Kh4 Rxc3 45. Rh7 Rxc5 46.
Rh6+ Ke5 47. Kg5 Rc1 48. Rh8 c5 49. Re8+ Kd4 50. h4 c4 51. h5 c3 52. h6 Rh1 53.
Rc8 Bc4 54. Rd8+ Bd5 55. Rc8 Bc4 56. Rd8+ Ke3 57. Re8+ Kd2 58. Rd8+ Ke3 59.
Re8+ Kd4 60. Rd8+ Ke5 61. Re8+ Kd4 62. Rd8+ Bd5 63. Rc8 1/2-1/2

[Event "Lliga Catalana eq. DH"]
[Site "?"]
[Date "2014.02.01"]
[Round "2.1"]
[White "Peralta, F."]
[Black "Lacasa Diaz, JA."]
[Result "1-0"]
[WhiteElo "2591"]
[BlackElo "2457"]
[PlyCount "45"]
[EventDate "2014.??.??"]
[EventType "team"]
[EventCountry "ESP"]

1. d4 Nf6 2. c4 c5 3. d5 e6 4. Nc3 exd5 5. cxd5 d6 6. e4 g6 7. f4 Bg7 8. Bb5+
Nbd7 9. e5 dxe5 10. fxe5 Nh5 11. e6 Qh4+ 12. g3 Nxg3 13. hxg3 Qxh1 14. Be3
Bxc3+ 15. bxc3 a6 16. exd7+ Bxd7 17. Bf1 Qe4 18. Qf3 Qxf3 19. Nxf3 O-O 20. Bxc5
Rfe8+ 21. Kf2 Rac8 22. Bd4 Bb5 23. Rd1 1-0

[Event "Lliga Catalana eq. DH"]
[Site "?"]
[Date "2014.02.01"]
[Round "2.2"]
[White "Beltran Rueda, S."]
[Black "Fluvia Poyatos, Joan"]
[Result "0-1"]
[WhiteElo "2455"]
[BlackElo "2554"]
[PlyCount "120"]
[EventDate "2014.??.??"]
[EventType "team"]
[EventCountry "ESP"]

1. Nf3 Nf6 2. c4 e6 3. g3 b6 4. Bg2 Bb7 5. O-O Be7 6. Nc3 O-O 7. d4 Ne4 8. Nxe4
Bxe4 9. Ne1 Bxg2 10. Nxg2 d5 11. Qa4 c6 12. Bf4 Qd7 13. Rfc1 dxc4 14. Qxc4 Rd8
15. e3 c5 16. dxc5 bxc5 17. Be5 Nc6 18. Bc3 Nb4 19. Qg4 e5 20. Qc4 Qf5 21. e4
Qf3 22. Ne1 Qh5 23. Kg2 Nc6 24. Nf3 Nd4 25. Bxd4 cxd4 26. Qd3 Rab8 27. Rc2 Bd6
28. Rac1 Rf8 29. Rc6 Rbd8 30. h3 f5 31. exf5 Qxf5 32. Qxf5 Rxf5 33. Nd2 Kf8 34.
Ne4 Ke7 35. Ra6 Bb8 36. Ra5 Rff8 37. Rb5 Rc8 38. Rb7+ Ke6 39. Re1 Rc7 40. Rb5
Rc2 41. a4 Rd8 42. Nc5+ Kf5 43. g4+ Kg6 44. Nd3 Rf8 45. h4 Kh6 46. Kg1 Rd2 47.
Nxe5 Bxe5 48. Rbxe5 Rfxf2 49. Rh5+ Kg6 50. Re6+ Kf7 51. Rhe5 h6 52. Rd6 Rg2+
53. Kh1 Rh2+ 54. Kg1 Rh3 55. Rd7+ Kg8 56. Rxa7 Rg3+ 57. Kf1 Rxg4 58. b4 d3 59.
Re3 Rxh4 60. Ke1 Ra2 0-1

[Event "Lliga Catalana eq. DH"]
[Site "?"]
[Date "2014.02.01"]
[Round "2.2"]
[White "Cruz Estrada, F."]
[Black "Alonso Rosell, A."]
[Result "1/2-1/2"]
[WhiteElo "2486"]
[BlackElo "2579"]
[PlyCount "134"]
[EventDate "2014.??.??"]
[EventType "team"]
[EventCountry "ESP"]

1. c4 Nf6 2. Nc3 g6 3. e4 d6 4. d4 Bg7 5. Be2 O-O 6. Bg5 h6 7. Be3 c5 8. d5 e6
9. Qd2 exd5 10. cxd5 Re8 11. f3 Nh7 12. Bd3 Nd7 13. Nh3 Ne5 14. Nf2 Nxd3+ 15.
Qxd3 b5 16. Nxb5 Ba6 17. O-O Bxb2 18. Rab1 Bg7 19. a4 Nf6 20. Qd2 Kh7 21. Nd1
Bxb5 22. Rxb5 Nd7 23. Bf2 a6 24. Rb1 Ne5 25. Ne3 c4 26. Bg3 c3 27. Qe2 Qa5 28.
f4 Nd7 29. Rb7 Qxa4 30. e5 dxe5 31. fxe5 Nxe5 32. Bxe5 Rxe5 33. Rfxf7 Rg8 34.
Qd3 Qe4 35. Qxe4 Rxe4 36. Kf2 Rd4 37. Kf3 Kh8 38. Rbc7 Rd3 39. Ke4 Rd4+ 40. Kf3
Rd3 41. Ke4 Rd2 42. Ng4 Rd4+ 43. Kf3 Rxd5 44. Nxh6 Rf8 45. Rxf8+ Bxf8 46. Ke4
Rb5 47. Nf7+ Kg8 48. Ne5 Bd6 49. Rc8+ Kg7 50. Nd3 Bxh2 51. Rxc3 Rg5 52. Rc6 a5
53. Ra6 Kh6 54. Kf3 Rg3+ 55. Ke4 a4 56. Ra8 Rxg2 57. Nc5 Rg4+ 58. Kf3 Rg3+ 59.
Kf2 a3 60. Rh8+ Kg7 61. Rxh2 Rc3 62. Ne6+ Kf6 63. Nf4 a2 64. Rh1 Ra3 65. Ra1 g5
66. Nd5+ Kf5 67. Nb4 g4 1/2-1/2

[Event "Lliga Catalana eq. DH"]
[Site "?"]
[Date "2014.02.01"]
[Round "2.2"]
[White "Cruz Sanchez, C."]
[Black "Oratovsky, M."]
[Result "1/2-1/2"]
[WhiteElo "2593"]
[BlackElo "2533"]
[PlyCount "36"]
[EventDate "2014.??.??"]
[EventType "team"]
[EventCountry "ESP"]

1. d4 Nf6 2. c4 d6 3. Nc3 Nbd7 4. e4 e5 5. Nf3 g6 6. Be2 Bg7 7. O-O O-O 8. Qc2
Qe7 9. d5 a5 10. Be3 Ng4 11. Bg5 f6 12. Bd2 Nc5 13. h3 Nh6 14. Nh4 f5 15. f3
Nf7 16. Be3 Bd7 17. b3 f4 18. Bf2 Bf6 1/2-1/2

[Event "Lliga Catalana eq. DH"]
[Site "?"]
[Date "2014.02.01"]
[Round "2.2"]
[White "Delorme, Axel"]
[Black "Trepat Herranz, J."]
[Result "1/2-1/2"]
[WhiteElo "2479"]
[BlackElo "2416"]
[PlyCount "63"]
[EventDate "2014.??.??"]
[EventType "team"]
[EventCountry "ESP"]

1. d4 Nf6 2. g3 e6 3. c4 d5 4. Nf3 Be7 5. Bg2 O-O 6. Qc2 dxc4 7. Qxc4 a6 8. Qb3
c5 9. dxc5 Bxc5 10. O-O Nc6 11. Nc3 b5 12. Bg5 Be7 13. Ne5 Na5 14. Qc2 Bb7 15.
Bxb7 Nxb7 16. Nc6 Qe8 17. Ne4 Nd5 18. Nxe7+ Nxe7 19. Qc7 Qc6 20. Rac1 Qxe4 21.
Bxe7 Rfe8 22. Rfd1 h5 23. Qd7 Na5 24. b3 Nc6 25. Rxc6 Rxe7 26. Rc8+ Rxc8 27.
Qxc8+ Kh7 28. e3 Qb7 29. Qxb7 Rxb7 30. Rd6 Ra7 31. Kg2 Kg6 32. Kf3 1/2-1/2

[Event "Lliga Catalana eq. DH"]
[Site "?"]
[Date "2014.02.01"]
[Round "2.2"]
[White "Montell Lorenzo, JC."]
[Black "Gonzalez Perez, A."]
[Result "0-1"]
[WhiteElo "2344"]
[BlackElo "2531"]
[PlyCount "62"]
[EventDate "2014.??.??"]
[EventType "team"]
[EventCountry "ESP"]

1. e4 e5 2. Nf3 Nc6 3. Bc4 Nf6 4. Ng5 d5 5. exd5 Na5 6. Bb5+ c6 7. dxc6 bxc6 8.
Qf3 Be7 9. Bd3 O-O 10. Nc3 h6 11. h4 Rb8 12. a3 c5 13. b3 Bg4 14. Qg3 Qd7 15.
Nge4 Nh5 16. Qxe5 Nc6 17. Qd5 Qc7 18. Nxc5 Nf6 19. Qc4 Na5 20. Qa4 Bxc5 21. O-O
Bd7 22. Bb5 Rxb5 23. Nxb5 Bxb5 24. Qxb5 Ng4 25. Re1 Bxf2+ 26. Kf1 Bxe1 27. Kxe1
Qg3+ 28. Kd1 Qxg2 29. c3 Ne3+ 30. dxe3 Rd8+ 31. Ke1 Qc2 0-1

[Event "Lliga Catalana eq. DH"]
[Site "?"]
[Date "2014.02.01"]
[Round "2.2"]
[White "Rizouk, A."]
[Black "Gonzalez Rodriguez, JA."]
[Result "1-0"]
[WhiteElo "2534"]
[BlackElo "2471"]
[PlyCount "51"]
[EventDate "2014.??.??"]
[EventType "team"]
[EventCountry "ESP"]

1. e4 e5 2. Nf3 Qe7 3. Bc4 h6 4. d4 d6 5. O-O Nf6 6. h3 c6 7. Re1 Nbd7 8. a4 a5
9. b3 g6 10. Ba3 Qd8 11. Nbd2 Be7 12. Bf1 exd4 13. Nxd4 O-O 14. Nc4 Ne5 15. Qd2
g5 16. Rad1 Re8 17. Qc3 Nxc4 18. Bxc4 Bf8 19. Qf3 d5 20. Bxf8 Kxf8 21. exd5
Rxe1+ 22. Rxe1 cxd5 23. Bd3 Qd6 24. Ne6+ Bxe6 25. Qxf6 Ke8 26. Bb5+ 1-0

[Event "Lliga Catalana eq. DH"]
[Site "?"]
[Date "2014.02.01"]
[Round "2.2"]
[White "Simonet Pons, M."]
[Black "Ayza Leon, D."]
[Result "1/2-1/2"]
[WhiteElo "2348"]
[BlackElo "2302"]
[PlyCount "24"]
[EventDate "2014.??.??"]
[EventType "team"]
[EventCountry "ESP"]

1. d4 d5 2. c4 Nc6 3. cxd5 Qxd5 4. e3 e5 5. Nc3 Bb4 6. Bd2 Bxc3 7. bxc3 exd4 8.
cxd4 Nf6 9. Nf3 Bg4 10. Be2 O-O 11. O-O Ne4 12. Qc2 Rfe8 1/2-1/2

[Event "Lliga Catalana eq. DH"]
[Site "?"]
[Date "2014.02.01"]
[Round "2.2"]
[White "Valdes Romero, L."]
[Black "Guerra Mendez, JA."]
[Result "0-1"]
[WhiteElo "2453"]
[BlackElo "2404"]
[PlyCount "74"]
[EventDate "2014.??.??"]
[EventType "team"]
[EventCountry "ESP"]

1. Nf3 Nf6 2. c4 b6 3. g3 Bb7 4. Bg2 c5 5. O-O g6 6. Nc3 Bg7 7. d4 cxd4 8. Qxd4
d6 9. Rd1 Nbd7 10. Be3 O-O 11. Qh4 Rc8 12. Rac1 a6 13. b3 Rc7 14. g4 Rc8 15. h3
Re8 16. Bd4 Nc5 17. g5 Nh5 18. e3 Ne6 19. Bxg7 Nexg7 20. Ne1 Bxg2 21. Nxg2 Rc5
22. b4 Rc6 23. Ne2 Qc8 24. Qg4 Ne6 25. Ne1 f5 26. Qh4 f4 27. exf4 Rxc4 28. Nd3
Rf8 29. Nb2 Rxc1 30. Rxc1 Qb7 31. Qg4 Nexf4 32. Nxf4 Nxf4 33. Re1 Qd5 34. Rxe7
Nxh3+ 35. Qxh3 Qxg5+ 36. Qg2 Qxe7 37. Nd3 Qe6 0-1

[Event "Lliga Catalana eq. DH"]
[Site "?"]
[Date "2014.02.01"]
[Round "2.3"]
[White "Alonso Garcia, R."]
[Black "Alonso Moyano, J."]
[Result "1-0"]
[WhiteElo "2423"]
[BlackElo "2454"]
[PlyCount "68"]
[EventDate "2014.??.??"]
[EventType "team"]
[EventCountry "ESP"]

1. e4 c5 2. Nf3 d6 3. d4 Nf6 4. Nc3 cxd4 5. Nxd4 a6 6. Bc4 e6 7. O-O b5 8. Bb3
Be7 9. Qf3 Qb6 10. Be3 Qb7 11. Qg3 O-O 12. Bh6 Ne8 13. Rad1 Kh8 14. Bg5 Bxg5
15. Qxg5 Nf6 16. f3 Nbd7 17. Kh1 Nc5 18. Qg3 Ne8 19. a3 Bd7 20. Ba2 b4 21. axb4
Qxb4 22. Nb3 a5 23. Rd4 Qb6 24. Nxc5 Qxc5 25. Rfd1 a4 26. e5 Qb6 27. b4 axb3
28. Bxb3 d5 29. Rh4 Qe3 30. Qh3 h6 31. Nxd5 exd5 32. Qxd7 Qc5 33. Qxd5 Qxd5 34.
Bxd5 Nf6 1-0

[Event "Lliga Catalana eq. DH"]
[Site "?"]
[Date "2014.02.01"]
[Round "2.3"]
[White "Barbero Sendic, A."]
[Black "Asis Gargatagli, H."]
[Result "1-0"]
[WhiteElo "2416"]
[BlackElo "2514"]
[PlyCount "81"]
[EventDate "2014.??.??"]
[EventType "team"]
[EventCountry "ESP"]

1. e4 c5 2. Nf3 d6 3. Bb5+ Nd7 4. O-O a6 5. Bd3 b5 6. c3 Bb7 7. Bc2 Ngf6 8. Re1
e5 9. a4 Be7 10. d4 O-O 11. Nbd2 Re8 12. Nf1 Bf8 13. Ng3 g6 14. d5 c4 15. h3
Nc5 16. Be3 Nfd7 17. Qd2 Nb6 18. axb5 axb5 19. Nh2 Nba4 20. Bxa4 Nxa4 21. Ng4
f6 22. h4 Bc8 23. Nh2 Bd7 24. h5 Bg7 25. f4 exf4 26. Bxf4 Qe7 27. Be3 Nc5 28.
Bxc5 dxc5 29. Rxa8 Rxa8 30. e5 fxe5 31. d6 Qe6 32. Ne4 Rc8 33. h6 Bf8 34. Rf1
Bc6 35. Rf6 Qe8 36. d7 Qxd7 37. Rxg6+ Kf7 38. Qf2+ Ke7 39. Qf6+ Ke8 40. Rg8 Qe7
41. Nd6+ 1-0

[Event "Lliga Catalana eq. DH"]
[Site "?"]
[Date "2014.02.01"]
[Round "2.3"]
[White "Dominguez Pons, E."]
[Black "Benet Catala, A."]
[Result "1-0"]
[WhiteElo "2389"]
[BlackElo "2329"]
[PlyCount "113"]
[EventDate "2014.??.??"]
[EventType "team"]
[EventCountry "ESP"]

1. e4 c6 2. d4 d5 3. Nc3 dxe4 4. Nxe4 Nf6 5. Nxf6+ gxf6 6. g3 Qd5 7. Nf3 Bf5 8.
Be2 Qe4 9. c3 Nd7 10. O-O Qc2 11. Nh4 Qxd1 12. Rxd1 Bg6 13. b3 e6 14. c4 O-O-O
15. Bb2 Rg8 16. a3 Be7 17. Rac1 Kb8 18. f4 Be4 19. f5 exf5 20. Rf1 f4 21. Rxf4
Bg6 22. Nf5 Rde8 23. Bg4 Bxf5 24. Bxf5 Bd6 25. Rf3 Nf8 26. Kf1 h5 27. Re1 Rxe1+
28. Kxe1 h4 29. Kf2 hxg3+ 30. hxg3 Ng6 31. Bc1 b6 32. b4 c5 33. Bxg6 Rxg6 34.
bxc5 bxc5 35. d5 Be5 36. Bf4 Bxf4 37. Rxf4 Kc7 38. Kf3 Kd6 39. Rg4 Rh6 40. Rh4
Rg6 41. Rh7 Ke7 42. Rh8 f5 43. Rc8 Ra6 44. Rxc5 Rxa3+ 45. Kf4 Rc3 46. Kxf5 Rxg3
47. Rc7+ Kd6 48. Rxa7 Rc3 49. Ra6+ Kd7 50. Rc6 Rc1 51. Ke5 Rd1 52. Ra6 Rc1 53.
Ra7+ Ke8 54. Kd6 f5 55. c5 f4 56. Ra8+ Kf7 57. Ra4 1-0

[Event "Lliga Catalana eq. DH"]
[Site "?"]
[Date "2014.02.01"]
[Round "2.3"]
[White "Hernando Rodrigo, JA."]
[Black "Gual Pascual, A."]
[Result "0-1"]
[WhiteElo "2398"]
[BlackElo "2516"]
[PlyCount "66"]
[EventDate "2014.??.??"]
[EventType "team"]
[EventCountry "ESP"]

1. d4 g6 2. Nf3 Bg7 3. g3 d6 4. Bg2 Nf6 5. O-O O-O 6. b3 Nc6 7. Bb2 Bf5 8. Nbd2
Ne4 9. Nh4 Nxd2 10. Qxd2 Bg4 11. h3 Bd7 12. c4 e5 13. dxe5 Nxe5 14. f4 Nc6 15.
Rad1 Bxb2 16. Qxb2 Qe7 17. e4 Rae8 18. Rd5 f6 19. Kh2 b6 20. Rd2 Qg7 21. Rfd1
Nd8 22. b4 Bc6 23. Qc2 Ne6 24. Qd3 Ba8 25. Re2 Kh8 26. Qa3 c5 27. Rxd6 Nd4 28.
Rf2 g5 29. Nf5 Nxf5 30. exf5 Bxg2 31. Rxg2 gxf4 32. bxc5 Re3 33. Qc1 Rxg3 0-1